G20-maat - Statistics

Yleistilastot
  • Tätä visaa on pelattu 42 kertaa
  • Keskiarvotulos 17 / 19
Vastaustilastot
% Oikein
Intia
100%
Kanada
100%
Kiina
100%
Yhdysvallat
100%
Japani
97%
Argentiina
94%
Iso-Britannia
94%
Australia
91%
Brasilia
91%
Ranska
91%
Saksa
91%
Venäjä
91%
Meksiko
89%
Italia
86%
Etelä-Afrikka
83%
Etelä-Korea
83%
Indonesia
77%
Turkki
77%
Saudi-Arabia
74%
Ehtoja vastaavia visoja ei löytynyt
Tulosjakauma
Jokaisen tuloksen saaneiden osuus
Persentiili vastausten määrän mukaan
Tuloshistoriasi
Et ole pelannut tätä visaa